[Event "Indywidualne Mistrzostwa Polski Juniorow do lat 16 - Dziewczeta"]
[Site "Szklarska Poreba"]
[Date "1899-12-30"]
[Round "8.1"]
[White "Waszczuk, Patrycja"]
[Black "Dylag, Emilia"]
[Result "1-0"]
[WhiteTitle "k++"]
[BlackTitle "k+"]
[WhiteElo "2034"]
[BlackElo "2071"]

1. e4 c5 2. Nf3 Nc6 3. d4 cxd4 4. Nxd4 Nf6 5. Nc3 e5 6. Ndb5 d6 7. Bg5 a6 8. Na3
b5 9. Nd5 Be7 10. Bxf6 Bxf6 11. c3 Bg5 12. Nc2 Rb8 13. Be2 O-O 14. O-O a5 15.
a3 Be6 16. b4 Ne7 17. Nce3 Kh8 18. Nxe7 Qxe7 19. Nd5 Qa7 20. a4 f5 21. exf5 Bxf5
22. axb5 Be4 23. bxa5 Qf7 24. c4 Rxb5 25. Nc3 Bxg2 26. cxb5 Bh3 27. Ne4 Qg6 28.
Qxd6 Bf6+ 29. Ng3 Rd8 30. Qc6 Qg5 31. Rfd1 Rc8 32. Qe4 g6 33. a6 Bf5 34. Qe3 Qh4
35. a7 Ra8 36. b6 1-0

[Event "Indywidualne Mistrzostwa Polski Juniorow do lat 16 - Dziewczeta"]
[Site "Szklarska Poreba"]
[Date "1899-12-30"]
[Round "8.2"]
[White "Furtak, Joanna"]
[Black "Jarocka, Liwia"]
[Result "1/2-1/2"]
[WhiteTitle "k"]
[BlackTitle "FM"]
[WhiteElo "1803"]
[BlackElo "2106"]

1. e4 c5 2. Nf3 Nc6 3. d4 cxd4 4. Nxd4 Nf6 5. Nc3 d6 6. Bc4 Qb6 7. Nxc6 bxc6 8.
O-O e6 9. Qe2 Be7 10. e5 dxe5 11. Qxe5 O-O 12. Na4 Qb4 13. b3 Bd6 14. Qg5 Qb8
15. h3 h6 16. Qh4 Nd5 17. Bb2 Be5 18. Bxe5 Qxe5 19. Rfe1 Qc7 20. Bf1 Nf4 21. Qg3
e5 22. Qc3 Re8 23. Rad1 Bf5 24. Rd2 Qe7 25. Qg3 Kh8 26. Nb2 f6 27. Nc4 Be6 28.
Nd6 Red8 29. Red1 Nd5 30. Nc4 Nf4 31. Nd6 Nd5 32. Nc4 Nf4 33. Nd6 Nd5 34. Nc4
1/2-1/2

[Event "Indywidualne Mistrzostwa Polski Juniorow do lat 16 - Dziewczeta"]
[Site "Szklarska Poreba"]
[Date "1899-12-30"]
[Round "8.3"]
[White "Harazinska, Magdalena"]
[Black "Zarebska, Lena"]
[Result "1-0"]
[WhiteTitle "WFM"]
[BlackTitle "I++"]
[WhiteElo "2011"]
[BlackElo "1783"]

1. e4 c5 2. Nf3 Nc6 3. d4 cxd4 4. Nxd4 Nf6 5. f3 Qb6 6. c3 d6 7. Na3 a6 8. Nc4
Qc7 9. a4 e5 10. Nc2 Be6 11. N2e3 a5 12. Be2 Nd7 13. O-O Nb6 14. Kh1 Nxc4 15.
Nxc4 Be7 16. Be3 O-O 17. Nb6 Rab8 18. Nd5 Qd7 19. Bb5 Kh8 20. Qd2 f5 21. Nxe7
Qxe7 22. Rad1 f4 23. Bb6 Bb3 24. Qxd6 Bxd1 25. Qxe7 Nxe7 26. Rxd1 Nc6 27. h3 h6
28. Rd2 Kh7 29. Kg1 Rf7 30. Bxc6 bxc6 31. Bxa5 Rbb7 32. b4 Ra7 33. Kf2 Rfb7 34.
Ke2 c5 35. Rd5 cxb4 36. cxb4 Re7 37. Kd3 Ra8 38. Kc4 Kg6 39. Rd6+ Kf7 40. Kb5
Rc8 41. Rc6 Ra8 42. Bb6 Rd7 43. Rc2 Rd1 44. a5 Ra1 45. Rc7+ Kg6 46. Ra7 Rb8 47.
a6 Ra2 48. Rb7 Ra8 49. a7 Kf6 50. Ba5 Rxg2 51. Ka6 Rg3 52. b5 Rxf3 53. b6 Rb3
54. Rb8 Rxb6+ 55. Bxb6 Rxa7+ 56. Bxa7 Kg5 57. Bf2 f3 58. Rf8 1-0

[Event "Indywidualne Mistrzostwa Polski Juniorow do lat 16 - Dziewczeta"]
[Site "Szklarska Poreba"]
[Date "1899-12-30"]
[Round "8.4"]
[White "Budkiewicz, Magdalena"]
[Black "Marcinczyk, Monika"]
[Result "1/2-1/2"]
[WhiteTitle "I++"]
[BlackTitle "WCM"]
[WhiteElo "1619"]
[BlackElo "1928"]

1. e4 c5 2. Nf3 e6 3. d4 cxd4 4. Nxd4 Nf6 5. Bd3 Nc6 6. Nxc6 bxc6 7. c4 e5 8. O-O
Bc5 9. Nc3 d6 10. Bg5 h6 11. Bh4 g5 12. Bg3 h5 13. h3 h4 14. Bh2 g4 15. hxg4 Nxg4
16. Rb1 Qg5 17. Be2 Nxh2 18. Kxh2 Qf4+ 19. Kh1 Bxf2 20. Rxf2 Qxf2 21. Qxd6 Be6
22. Qxc6+ Ke7 23. Qb7+ Kf8 24. Rf1 Qb6 25. Qxa8+ Kg7 26. Nd5 Qxb2 27. Qxa7 Qxe2
28. Qf2 Qxf2 29. Rxf2 Rc8 30. Rc2 Rc5 31. Ne3 Kf6 32. Kg1 Kg5 33. Rf2 f6 34. Nd5
Rxc4 35. Nxf6 Rc1+ 36. Kh2 Bxa2 1/2-1/2

[Event "Indywidualne Mistrzostwa Polski Juniorow do lat 16 - Dziewczeta"]
[Site "Szklarska Poreba"]
[Date "1899-12-30"]
[Round "8.5"]
[White "Adamczyk, Zuzanna"]
[Black "Malicka, Maria"]
[Result "0-1"]
[WhiteTitle "I++"]
[BlackTitle "WCM"]
[WhiteElo "1850"]
[BlackElo "2199"]

1. e4 e5 2. Nf3 Nc6 3. Bb5 a6 4. Ba4 Nf6 5. Bxc6 dxc6 6. d3 Bd6 7. Nbd2 Qe7 8.
b3 Bg4 9. Bb2 O-O-O 10. h3 Bh5 11. Qe2 Nd7 12. Nc4 f6 13. O-O-O Nc5 14. c3 Kb8
15. Ne3 Ne6 16. g3 Rhe8 17. Nf5 Qf8 18. Rd2 Bc5 19. Ne3 Re7 20. Ng2 Red7 21. g4
Bf7 22. Rhd1 h5 23. d4 exd4 24. Nxd4 Nxd4 25. cxd4 Bb4 26. Rd3 hxg4 27. hxg4 a5
28. f4 a4 29. Kc2 Qe7 30. f5 c5 31. e5 c4 32. Re3 cxb3+ 33. Kb1 bxa2+ 34. Ka1
fxe5 35. Rxe5 Qd6 36. Nf4 a3 37. Ne6 axb2+ 38. Kxb2 Bxe6 39. fxe6 Re7 40. Kxa2
Bc3 41. Re4 Qd5+ 42. Kb1 Rd6 43. Kc2 Rdxe6 44. Rxe6 Rxe6 45. Qf1 Bxd4 46. Qf8+
Ka7 47. Qa3+ Ra6 0-1

[Event "Indywidualne Mistrzostwa Polski Juniorow do lat 16 - Dziewczeta"]
[Site "Szklarska Poreba"]
[Date "1899-12-30"]
[Round "8.6"]
[White "Pisarek, Elzbieta"]
[Black "Vanduyfhuys, Daria"]
[Result "0-1"]
[WhiteTitle "I"]
[BlackTitle "WCM"]
[WhiteElo "1567"]
[BlackElo "2059"]

1. e4 c5 2. Nf3 Nc6 3. Bb5 g6 4. O-O Bg7 5. c3 Nf6 6. e5 Nd5 7. d4 cxd4 8. cxd4
O-O 9. Nc3 Nc7 10. Re1 Nxb5 11. Nxb5 a6 12. Nc3 d6 13. exd6 Qxd6 14. Ne4 Qd8 15.
d5 Nb4 16. d6 exd6 17. a3 d5 18. Nc3 d4 19. Nxd4 Bxd4 20. axb4 Qb6 21. Qf3 Be6
22. Bh6 Rfe8 23. Re4 Bg7 24. Bxg7 Kxg7 25. Rae1 Bd7 26. Rxe8 Rxe8 27. Rxe8 Bxe8
28. Nd5 Qe6 29. Qc3+ f6 30. Nc7 Qc6 31. Nxe8+ Qxe8 32. g3 Qd7 33. Kg2 h5 34. h4
Qd5+ 35. Kg1 Qd6 36. Kf1 Qb6 37. Kg1 Kf7 38. Qc4+ Kf8 39. Kf1 f5 40. Ke2 Ke7 41.
f4 Qd6 42. Ke3 Qb6+ 43. Qc5+ Qxc5+ 44. bxc5 Ke6 45. Kd4 a5 46. Kc4 a4 47. Kd4
Kd7 48. Kd5 Kc7 49. Kc4 Kc6 50. Kb4 Kd5 51. Kxa4 Kxc5 52. b3 b6 53. Ka3 b5 54.
Kb2 Kd4 55. Kc2 Ke3 56. Kc3 Kf3 57. Kb4 Kxg3 58. Kxb5 Kxf4 59. Kc5 Kg4 60. b4
f4 61. b5 f3 62. b6 f2 63. b7 f1=Q 64. b8=Q Qc1+ 65. Kd5 Qd2+ 66. Ke6 Kxh4 67.
Qb7 Qe1+ 68. Kf6 g5 69. Qg2 Qc3+ 70. Kg6 Qd3+ 71. Kf6 Qd6+ 72. Kf5 Qd7+ 73. Kf6
Qd6+ 74. Kf5 Qd3+ 75. Kf6 g4 76. Qh2+ Qh3 77. Qd2 Qf3+ 78. Kg6 g3 79. Qe1 Kh3
80. Qg1 g2 81. Kg5 Qf1 82. Qe3+ Kh2 83. Qe5+ Kh1 84. Qe4 Qd1 85. Kh6 Qg4 86. Qd5
h4 87. Qc6 h3 88. Qb7 Qf4+ 89. Kh5 Qe5+ 90. Kh4 Kh2 91. Qf3 Qh8+ 0-1

[Event "Indywidualne Mistrzostwa Polski Juniorow do lat 16 - Dziewczeta"]
[Site "Szklarska Poreba"]
[Date "1899-12-30"]
[Round "8.7"]
[White "Pawlak, Emilia"]
[Black "Roszkiewicz, Anna"]
[Result "0-1"]
[WhiteTitle "I"]
[BlackTitle "I++"]
[WhiteElo "1595"]
[BlackElo "1745"]

1. e4 c6 2. d4 d5 3. Nc3 dxe4 4. Nxe4 Bf5 5. Ng3 Bg6 6. N1e2 e5 7. dxe5 Qa5+ 8.
Bd2 Qxe5 9. Bc3 Qe6 10. Qd2 Nd7 11. O-O-O O-O-O 12. Kb1 Ngf6 13. Ba5 Re8 14. Nf4
Qe5 15. Bc3 Qc7 16. Bc4 Bc5 17. f3 Be3 0-1

[Event "Indywidualne Mistrzostwa Polski Juniorow do lat 16 - Dziewczeta"]
[Site "Szklarska Poreba"]
[Date "1899-12-30"]
[Round "8.8"]
[White "Czarnecka, Lidia"]
[Black "Libura, Julianna"]
[Result "1-0"]
[WhiteTitle "I++"]
[BlackTitle "I"]
[WhiteElo "1700"]
[BlackElo "1639"]

1. e4 c5 2. Nf3 e6 3. d4 cxd4 4. Nxd4 Nf6 5. Nc3 d6 6. g4 h6 7. h4 Be7 8. Be3 a6
9. Rg1 Nfd7 10. g5 hxg5 11. hxg5 Nf8 12. Be2 Qc7 13. Qd2 Bd7 14. O-O-O Nc6 15.
f4 O-O-O 16. Qe1 Be8 17. f5 Ne5 18. Qf2 Nfd7 19. fxe6 Nc5 20. exf7 Bxf7 21. Nb3
Rhf8 22. Qg3 Nxb3+ 23. axb3 b5 24. Kb1 Kb7 25. Rd2 Be6 26. Nd5 Bxd5 27. Rxd5 Rc8
28. Rc1 Rfe8 29. Bf4 Bf8 30. Bf1 Ka8 31. Bh3 Rcd8 32. Rcd1 g6 33. c3 Bg7 34. R1d2
Kb8 35. Qf2 Rf8 36. Qe3 Rfe8 37. Rd1 Nf7 38. Bg2 Ne5 39. Qd2 Nf7 40. Bxd6 Nxd6
41. Rxd6 Rxd6 42. Qxd6 Be5 43. Qxa6 Rf8 44. Qxb5+ Kc8 45. Bh3+ 1-0

[Event "Indywidualne Mistrzostwa Polski Juniorow do lat 16 - Dziewczeta"]
[Site "Szklarska Poreba"]
[Date "1899-12-30"]
[Round "8.9"]
[White "Zniszczol, Wiktoria"]
[Black "Zalucka, Emilia"]
[Result "1/2-1/2"]
[WhiteTitle "I+"]
[BlackTitle "I"]
[WhiteElo "1642"]
[BlackElo "1432"]

1. c4 e5 2. Nc3 Nf6 3. g3 d5 4. cxd5 Nxd5 5. Bg2 Be6 6. Qb3 Nb4 7. Qa4+ c6 8. a3
Nd5 9. Nf3 Nd7 10. O-O Be7 11. d3 O-O 12. Ne4 h6 13. Qc2 f5 14. Ned2 f4 15. b4
Kh8 16. Bb2 Bd6 17. Ne4 Bc7 18. d4 Bf5 19. dxe5 Qe8 20. Nd4 Qg6 21. Nxf5 Qxf5
22. Rac1 Bxe5 23. Bxe5 Nxe5 24. Nc5 Qh5 25. Qb3 Rf6 26. Bf3 Qh3 27. Bg2 Qh5 28.
Bf3 Qh3 29. Bg2 Qh5 30. Bf3 Qh3 31. Bg2 Qh5 32. Bf3 1/2-1/2

[Event "Indywidualne Mistrzostwa Polski Juniorow do lat 16 - Dziewczeta"]
[Site "Szklarska Poreba"]
[Date "1899-12-30"]
[Round "8.10"]
[White "Chomicka, Kinga"]
[Black "Siekanska, Zuzanna"]
[Result "0-1"]
[WhiteTitle "I"]
[BlackTitle "I"]
[WhiteElo "1434"]
[BlackElo "1517"]

1. e4 c5 2. Nc3 e6 3. g3 d5 4. exd5 exd5 5. d4 cxd4 6. Qxd4 Nf6 7. Bg5 Nc6 8. Qd3
Be7 9. Bg2 O-O 10. O-O-O Be6 11. Bxf6 Bxf6 12. Nxd5 Bxd5 13. Qxd5 Qb6 14. c3 Qxf2
15. Qd2 Qc5 16. Nf3 Nb4 17. a3 Nc6 18. Qd5 Qb6 19. Rhe1 Na5 20. Nd2 Rac8 21. Kc2
Rfd8 22. Qf5 g6 23. Qe4 Bg5 24. b4 Bxd2 25. Rxd2 Rxd2+ 26. Kxd2 Nc4+ 27. Kd3 Nxa3
28. Qxb7 Rd8+ 29. Ke2 Qe6+ 30. Qe4 Qa6+ 31. Kf2 Nc4 32. Re2 Qb6+ 33. Ke1 Nd6 34.
Qe3 Qa6 35. Rd2 Re8 36. Qxe8+ Nxe8 37. Bf1 Qa1+ 38. Kf2 Qxc3 39. Rd8 Qf6+ 0-1

[Event "Indywidualne Mistrzostwa Polski Juniorow do lat 16 - Dziewczeta"]
[Site "Szklarska Poreba"]
[Date "1899-12-30"]
[Round "8.11"]
[White "Mytnik, Kinga"]
[Black "Czarniecka, Aleksandra"]
[Result "0-1"]
[WhiteTitle "I"]
[BlackTitle "k"]
[WhiteElo "1570"]
[BlackElo "2023"]

1. e4 c5 2. d3 d6 3. g3 g6 4. Bg2 Bg7 5. c3 Nc6 6. f4 f5 7. Nf3 Nf6 8. Qc2 h6 9.
O-O O-O 10. Nh4 Qe8 11. exf5 gxf5 12. Na3 Rb8 13. Nc4 b5 14. Ne3 e6 15. Re1 Ne7
16. Qb3 Qf7 17. Nexf5 Nxf5 18. Nxf5 exf5 19. Re7 Qxb3 20. axb3 a6 21. Bd2 Rf7
22. Rae1 Rxe7 23. Rxe7 Bd7 24. h3 Re8 25. Rxe8+ Bxe8 26. Bb7 a5 27. b4 cxb4 28.
cxb4 a4 29. Bc3 Nh5 30. Bd5+ Kf8 31. Kf2 Bxc3 32. bxc3 Bf7 0-1

[Event "Indywidualne Mistrzostwa Polski Juniorow do lat 16 - Dziewczeta"]
[Site "Szklarska Poreba"]
[Date "1899-12-30"]
[Round "8.12"]
[White "Sloniewska, Alicja"]
[Black "Mirowska, Oliwia"]
[Result "1-0"]
[WhiteTitle "I"]
[BlackTitle "I++"]
[WhiteElo "1530"]
[BlackElo "1762"]

1. d4 d6 2. c4 e5 3. d5 f5 4. e4 Nf6 5. Nc3 g6 6. Bg5 Bg7 7. exf5 Bxf5 8. Nge2
O-O 9. Ng3 Qc8 10. Be2 Bd7 11. O-O Be8 12. Bxf6 Bxf6 13. Nge4 Bg7 14. Ng5 Bd7
15. a3 a5 16. Qc2 Na6 17. Nge4 Bf5 18. Bd3 Qd7 19. Ng5 Bxd3 20. Qxd3 Nc5 21. Qc2
Bh6 22. Nge4 Nxe4 23. Nxe4 Qf5 24. Qe2 b6 25. b4 axb4 26. axb4 Rfd8 27. h3 Bf4
28. Rfd1 Bh6 29. Re1 Qf4 30. Qb2 Qf7 31. Ra3 Rxa3 32. Qxa3 Qf8 33. Qa7 Qf7 34.
Qa4 Rf8 35. Ra1 Qf5 36. Qc2 Qd7 37. Ra8 Qf5 38. Ra7 Rc8 39. Qe2 Qf4 40. g3 Qf5
41. Kg2 Bg7 42. Qf3 Bh6 43. Nf6+ Kg7 44. Rxc7+ Rxc7 45. Ne8+ Kf8 46. Nxc7 Bd2
47. Ne6+ Ke7 48. b5 Qxf3+ 49. Kxf3 h6 50. Ke4 Be1 51. Ke3 Kf6 52. Nd8 Bb4 53.
f4 exf4+ 54. Kxf4 Bd2+ 55. Ke4 Bc1 56. Nc6 Ba3 57. Kf4 Bc1+ 58. Ke4 Ba3 59. Nb8
Ke7 60. Nc6+ Kf6 61. Nd8 Ke7 62. Ne6 Kf6 63. Nc7 Bb4 64. Na6 Ba3 65. Nc7 Bb4 66.
Ne6 Ba3 67. Nd4 Bc5 68. Ne2 Ba3 69. Nc3 Bc5 70. Kf4 Bd4 71. Ne4+ Ke7 72. Nd2 Kf6
73. g4 Bb2 74. Ne4+ Ke7 75. h4 Be5+ 76. Kf3 Kf7 77. Nf2 Bd4 78. Nd3 Kf6 79. Ke4
Bg1 80. Kf4 Bh2+ 81. Kf3 Bg1 82. Nb4 Bc5 83. Nc6 Bg1 84. Kf4 Bh2+ 85. Kf3 Bg1
86. Nb8 Ke7 87. h5 g5 88. Ke4 Kf6 89. Na6 Bf2 90. Nc7 Bc5 91. Ne8+ Ke7 92. Ng7
Kf6 93. Nf5 Bb4 94. Nxh6 Kg7 95. Nf5+ Kf6 96. Ne3 Bc3 97. Nd1 Be5 98. Nf2 Bc3
99. Nd3 Bd2 100. Nb2 Be1 101. Nd1 Bb4 102. Ne3 Bc5 103. Nc2 Bf2 104. Nd4 Be1 105.
Nc6 Bc3 106. Na7 Bb4 107. Nc8 Bc5 108. h6 1-0

[Event "Indywidualne Mistrzostwa Polski Juniorow do lat 16 - Dziewczeta"]
[Site "Szklarska Poreba"]
[Date "1899-12-30"]
[Round "8.13"]
[White "Dadello, Barbara"]
[Black "Kroliczek, Gabriela"]
[Result "0-1"]
[WhiteTitle "I"]
[BlackTitle "I++"]
[WhiteElo "1615"]
[BlackElo "1588"]

1. e4 c5 2. Nf3 Nc6 3. d4 cxd4 4. Nxd4 Nf6 5. Nc3 e5 6. Ndb5 d6 7. Bg5 a6 8. Na3
b5 9. Nd5 Be7 10. Bxf6 Bxf6 11. c4 bxc4 12. Nxc4 O-O 13. Nxf6+ gxf6 14. Qxd6 Qxd6
15. Nxd6 Nb4 16. Rd1 Nxa2 17. Be2 Be6 18. O-O Rfb8 19. Rd2 Rb4 20. f3 a5 21. Rc2
Rab8 22. Rb1 Bb3 23. Rc7 Be6 24. Rc2 a4 25. Nc4 Kg7 26. h3 R4b7 27. Na3 Rb3 28.
Nc4 a3 29. Nd2 Rxb2 30. Rcxb2 axb2 31. Kf2 Nc3 32. Re1 b1=Q 33. Nxb1 Nxb1 34.
Kg3 Nc3 35. Bd3 Rd8 36. Bc2 Rd2 37. Bb1 Ne2+ 38. Kh2 Nf4 39. Rg1 Bxh3 0-1

[Event "Indywidualne Mistrzostwa Polski Juniorow do lat 16 - Dziewczeta"]
[Site "Szklarska Poreba"]
[Date "1899-12-30"]
[Round "8.14"]
[White "Sawa, Daria"]
[Black "Giefert, Sara"]
[Result "1-0"]
[WhiteTitle "I"]
[BlackTitle "I"]
[WhiteElo "1589"]
[BlackElo "1497"]

1. e4 c5 2. Nf3 d6 3. d4 cxd4 4. Nxd4 Nf6 5. Nc3 a6 6. Be3 e5 7. Nb3 Be6 8. Be2
Nbd7 9. Qd2 Qc7 10. O-O b5 11. f4 Nb6 12. f5 Bd7 13. Bg5 Rc8 14. Bxf6 gxf6 15.
Nd5 Nxd5 16. Qxd5 Rg8 17. Bh5 Bc6 18. Qe6+ Kd8 19. Bxf7 Rg4 20. Qxf6+ Qe7 21.
Qxe7+ Kxe7 22. Bh5 Rxe4 23. h3 Rc4 24. c3 Bh6 25. Rad1 Rg8 26. f6+ Kf8 27. Bf3
e4 28. Bg4 e3 29. Nd4 Bb7 30. Ne2 d5 31. Ng3 Bf4 32. Ne2 Bh6 33. b3 Re4 34. Nd4
Rgxg4 35. hxg4 e2 36. Nxe2 Rxe2 37. Rde1 Rxa2 38. f7 Bc6 39. Re6 d4 40. Rxc6 Be3+
41. Kh2 Bf2 42. Rf6 Be3 43. cxd4 Bxd4 44. R6f5 Re2 45. Rc1 Be5+ 46. Kh1 1-0

[Event "Indywidualne Mistrzostwa Polski Juniorow do lat 16 - Dziewczeta"]
[Site "Szklarska Poreba"]
[Date "1899-12-30"]
[Round "8.15"]
[White "Bednarska, Julita"]
[Black "Kudlak, Julia"]
[Result "1/2-1/2"]
[WhiteTitle "I"]
[BlackTitle "I"]
[WhiteElo "1356"]
[BlackElo "1515"]

1. d4 Nf6 2. Nc3 d5 3. Bg5 Bf5 4. Nf3 Nbd7 5. e3 c6 6. Bd3 Bg6 7. O-O e6 8. e4
dxe4 9. Nxe4 Be7 10. Nxf6+ Nxf6 11. Bxf6 Bxf6 12. c3 Bxd3 13. Qxd3 O-O 14. Rad1
Qa5 15. a3 Rfd8 16. Qc2 Rd5 17. Rfe1 h6 18. h3 Rad8 19. Nh2 Bg5 20. Ng4 Qc7 21.
Ne3 R5d7 22. Ng4 Rd5 23. Ne3 R5d6 24. Nc4 Rd5 25. Ne3 R5d7 26. Ng4 c5 27. dxc5
Qxc5 28. Rxd7 Rxd7 29. Rd1 Rxd1+ 30. Qxd1 Qb5 31. Qc2 f5 32. Nh2 Bf6 33. Nf3 Kf7
34. Qd2 Ke7 35. Nd4 Qc4 36. Qe3 Bxd4 37. cxd4 Qd5 38. Qc3 Qc6 39. Qb4+ Kf7 40.
Qd2 g5 41. f3 Qb6 42. Kf1 Qb3 43. Qc3 Qxc3 44. bxc3 e5 45. dxe5 Ke6 46. Ke2 Kxe5
47. Ke3 f4+ 48. Kd3 Kd5 49. c4+ Kc5 50. Kc3 a6 51. Kd3 b5 52. cxb5 axb5 53. Kc3
Kb6 54. Kb4 h5 55. Kb3 Ka5 56. Kc3 Ka4 57. Kb2 b4 58. axb4 Kxb4 59. Kc2 Kc4 60.
Kd2 Kd4 1/2-1/2

[Event "Indywidualne Mistrzostwa Polski Juniorow do lat 16 - Dziewczeta"]
[Site "Szklarska Poreba"]
[Date "1899-12-30"]
[Round "8.16"]
[White "Wolagiewicz, Kinga"]
[Black "Tomczak, Marta"]
[Result "1/2-1/2"]
[WhiteTitle "I"]
[BlackTitle "I"]
[WhiteElo "1643"]
[BlackElo "1510"]

1. e4 c5 2. Nf3 Nc6 3. d4 cxd4 4. Nxd4 Nf6 5. Nc3 d6 6. Be2 e5 7. Nb3 h6 8. O-O
Be7 9. Kh1 O-O 10. f4 a5 11. a4 Nb4 12. Be3 Qc7 13. f5 Rd8 14. Qc1 Bf8 15. Nd2
d5 16. exd5 Nfxd5 17. Nxd5 Nxd5 18. Nc4 Nxe3 19. Qxe3 Bc5 20. Qg3 f6 21. Bd3 Bd7
22. Nd2 Bc6 23. Ne4 Bxe4 24. Bxe4 Rd2 25. Rad1 Rad8 26. Bd3 Rxd1 27. Rxd1 Qb6
28. Bc4+ Kf8 29. Rxd8+ Qxd8 30. Qd3 Qd4 31. Qxd4 Bxd4 32. b3 e4 33. g4 Ke7 34.
Bd5 e3 35. Bc4 Kd6 36. Kg2 Kc5 37. Kf3 Kb4 38. Ke2 Kc3 39. Bd3 b6 40. h3 Bc5 41.
Be4 Kd4 42. Bd3 Ke5 43. Kf3 Bd4 44. Bc4 h5 45. Bd3 h4 1/2-1/2

[Event "Indywidualne Mistrzostwa Polski Juniorow do lat 16 - Dziewczeta"]
[Site "Szklarska Poreba"]
[Date "1899-12-30"]
[Round "8.18"]
[White "Wojtas, Julia"]
[Black "Bienko, Jagoda"]
[Result "1/2-1/2"]
[WhiteTitle "I"]
[BlackTitle "I"]
[WhiteElo "1550"]
[BlackElo "1451"]

1. d4 d5 2. Nc3 g6 3. g3 Bg7 4. Bg2 Nf6 5. f4 Nc6 6. Nf3 b6 7. e3 Bb7 8. O-O O-O
9. h3 Rc8 10. Bd2 Na5 11. Qe2 Nc4 12. Rab1 c5 13. Be1 Ne4 14. Nxe4 dxe4 15. Ne5
Nxe5 16. dxe5 Bc6 17. c4 Qd7 18. Bc3 Rcd8 19. Rbd1 Qc7 20. g4 e6 21. Qc2 Qb7 22.
Rf2 a6 23. b3 a5 24. a4 Rfe8 25. h4 Qa8 26. Rfd2 Rxd2 27. Rxd2 Bf8 28. Qd1 Be7
29. h5 Rd8 30. hxg6 hxg6 31. Bh3 Rxd2 32. Qxd2 Qd8 33. Qxd8+ Bxd8 34. Kg2 Be7
35. Kg3 Bd8 36. f5 g5 37. f6 1/2-1/2

[Event "Indywidualne Mistrzostwa Polski Juniorow do lat 16 - Dziewczeta"]
[Site "Szklarska Poreba"]
[Date "1899-12-30"]
[Round "8.19"]
[White "Matyjasek, Michalina"]
[Black "Kaznowska, Weronika"]
[Result "0-1"]
[WhiteTitle "I"]
[BlackTitle "I"]
[WhiteElo "1342"]
[BlackElo "1396"]

1. d4 Nf6 2. c4 b6 3. Nf3 Bb7 4. Nc3 d5 5. Bg5 Ne4 6. Bf4 e6 7. e3 g5 8. Be5 f6
9. Bg3 h5 10. h3 Nxg3 11. fxg3 Qd6 12. Ne2 dxc4 13. Qa4+ Qc6 14. Qxc6+ Nxc6 15.
Nc3 Na5 16. Nb5 Bd6 17. Kf2 a6 18. Nc3 Bb4 19. Rc1 b5 20. Nd2 c5 21. dxc5 Bxc5
22. Be2 Ke7 23. Rhd1 h4 24. gxh4 Rxh4 25. Nf3 Rhh8 26. Nd2 Rad8 27. Nde4 Bb6 28.
Bf3 Bc6 29. Ng3 Bxf3 30. Kxf3 Nc6 31. Ke2 Nb4 32. a4 Nd5 33. axb5 Nxc3+ 34. Rxc3
axb5 35. Rcc1 Rxd1 36. Rxd1 Rd8 37. Rxd8 Kxd8 38. Ne4 Ke7 39. Kd2 Ba5+ 40. Kc2
Bb4 41. b3 cxb3+ 42. Kxb3 Be1 43. Kc2 e5 44. Kd1 Bb4 45. g3 Ke6 46. Ke2 Kf5 47.
Nf2 e4 48. Kd1 Bd6 49. Nh1 Ke6 50. Kd2 Kd5 51. h4 gxh4 52. gxh4 Ke6 53. h5 Kf5
54. Nf2 Bg3 55. h6 Kg6 56. Nxe4 Be5 57. Nc3 b4 58. Nd5 b3 0-1

[Event "Indywidualne Mistrzostwa Polski Juniorow do lat 16 - Dziewczeta"]
[Site "Szklarska Poreba"]
[Date "1899-12-30"]
[Round "8.20"]
[White "Szczypawka, Aleksandra"]
[Black "Trzaskowska, Hanna"]
[Result "1/2-1/2"]
[WhiteTitle "I"]
[BlackTitle "I"]
[WhiteElo "1476"]
[BlackElo "1607"]

1. c4 e5 2. Nc3 Nc6 3. g3 g6 4. Bg2 Bg7 5. e3 d6 6. h3 Be6 7. Nd5 Qd7 8. Ne2 f5
9. d3 Nf6 10. Qb3 Rb8 11. Bd2 O-O 12. Rc1 Ne7 13. Nxe7+ Qxe7 14. f4 b5 15. Qc2
bxc4 16. dxc4 Nh5 17. Bf3 e4 18. Bxh5 Rxb2 19. Qa4 gxh5 20. Qxa7 Qf7 21. Qa6 Rfb8
22. Qa4 d5 23. cxd5 Bxd5 24. Qa5 Rxa2 25. Qxc7 Qxc7 26. Rxc7 Rbb2 27. Rc8+ Kf7
28. Rc7+ Kg6 29. Rxg7+ Kxg7 30. Bc3+ Kg6 31. Bxb2 Rxb2 32. Rg1 Bc4 33. Nd4 Ra2
34. g4 Ra1+ 35. Kf2 Rxg1 36. gxf5+ Kf6 37. Kxg1 h4 1/2-1/2

[Event "Indywidualne Mistrzostwa Polski Juniorow do lat 16 - Dziewczeta"]
[Site "Szklarska Poreba"]
[Date "1899-12-30"]
[Round "8.21"]
[White "Tarka, Aleksandra"]
[Black "Laszczuk, Zuzanna"]
[Result "1-0"]
[WhiteTitle "I++"]
[BlackTitle "I"]
[WhiteElo "1656"]
[BlackElo "1277"]

1. e4 g6 2. d4 Bg7 3. Nc3 d6 4. Nf3 Nf6 5. h3 O-O 6. Be3 h6 7. Qd2 Kh7 8. O-O-O
Ng8 9. g4 c6 10. Bd3 e5 11. dxe5 dxe5 12. Bc5 Re8 13. Qe3 Qc7 14. Bc4 Nd7 15.
Bd6 Qa5 16. Bxf7 Rd8 17. Nh4 Bf6 18. Nf3 b5 19. Kb1 b4 20. Ne2 Qb5 21. g5 Bg7
22. Nh4 Nb6 23. Bxg6+ Kh8 24. gxh6 Bxh6 25. Qg3 Bg7 26. Rhg1 Qxe2 27. Bh5 Bg4
28. Bxg4 Qxe4 29. Bf5 Qf4 30. Qxg7# 1-0

[Event "Indywidualne Mistrzostwa Polski Juniorow do lat 16 - Dziewczeta"]
[Site "Szklarska Poreba"]
[Date "1899-12-30"]
[Round "8.22"]
[White "Wysocka, Edyta"]
[Black "Kot, Ewelina"]
[Result "0-1"]
[WhiteTitle "I"]
[BlackTitle "II+"]
[WhiteElo "1393"]
[BlackElo "1201"]

1. e4 e6 2. d4 d5 3. Nc3 Nf6 4. Bg5 Be7 5. e5 Nfd7 6. Bxe7 Qxe7 7. f4 c5 8. Nf3
Nc6 9. dxc5 Qxc5 10. Qd2 Nb6 11. Nb5 O-O 12. Nd6 f6 13. c3 fxe5 14. Nxc8 Raxc8
15. fxe5 Nd7 16. Nd4 Qe7 17. Nxc6 Rxc6 18. Bb5 Qh4+ 19. Kd1 Rc7 20. Bxd7 Rxd7
21. Qe3 Qg4+ 22. Qe2 Qxe2+ 23. Kxe2 Rf5 24. Rae1 Rxe5+ 25. Kd3 Rxe1 26. Rxe1 Kf7
27. Kd4 b6 28. Ke5 Ke7 29. g4 Rd8 30. Rf1 Rc8 31. g5 Rc4 32. Rf4 Rxf4 33. Kxf4
Kd6 34. b3 g6 35. b4 e5+ 36. Ke3 b5 37. a3 Ke6 38. Kf3 Kf5 39. h4 e4+ 40. Kg3
a6 41. Kf2 Kf4 42. Ke2 Kg3 43. Ke3 Kxh4 44. Kf4 Kh5 45. Ke3 Kxg5 46. Kf2 h5 47.
c4 dxc4 48. a4 bxa4 49. b5 axb5 50. Kg3 a3 51. Kf2 a2 52. Kg2 a1=Q 53. Kh3 c3
54. Kh2 c2 55. Kg3 c1=Q 56. Kf2 Qe1+ 57. Kg2 Qb2+ 58. Kh3 Qh4# 0-1

[Event "Indywidualne Mistrzostwa Polski Juniorow do lat 16 - Dziewczeta"]
[Site "Szklarska Poreba"]
[Date "1899-12-30"]
[Round "8.23"]
[White "Zygmunt, Magdalena"]
[Black "Drob, Julia"]
[Result "0-1"]
[WhiteTitle "I"]
[BlackTitle "I"]
[WhiteElo "1206"]
[BlackElo "1336"]

1. e4 c5 2. Nc3 Nc6 3. g3 g6 4. Bg2 Bg7 5. d3 d6 6. f4 e6 7. Nf3 Nge7 8. O-O O-O
9. Be3 Nd4 10. Rb1 Qb6 11. Bxd4 cxd4 12. Ne2 e5 13. Kh1 Nc6 14. c3 Be6 15. c4
Qa6 16. a4 Nb4 17. h3 Nxd3 18. b3 Nc5 19. Ng5 Bd7 20. g4 f6 21. Nf3 Bc6 22. Nd2
b6 23. f5 Bh6 24. Ng3 Be3 25. h4 Nd3 26. Kh2 Qa5 27. Nf3 Nf2 28. Qe2 d3 29. Qa2
Nxg4+ 30. Kh3 Nf2+ 31. Rxf2 Bxf2 32. Qxf2 Qc5 33. Qd2 Qa3 34. Qxd3 Kg7 35. Qd2
a5 36. Nh2 Qb4 37. Qe3 Qc5 38. Qd2 h5 39. fxg6 Kxg6 40. Nf5 Rh8 41. Qxd6 Qxd6
42. Nxd6 Rhd8 43. Nf5 Rd3+ 44. Ng3 Bd7+ 0-1

[Event "Indywidualne Mistrzostwa Polski Juniorow do lat 16 - Dziewczeta"]
[Site "Szklarska Poreba"]
[Date "1899-12-30"]
[Round "8.24"]
[White "Zablocka, Marta"]
[Black "Szewczyk, Malwina"]
[Result "0-1"]
[WhiteTitle "I"]
[BlackTitle "I"]
[WhiteElo "1211"]
[BlackElo "1413"]

1. e4 c5 2. Nf3 Nc6 3. d4 cxd4 4. Nxd4 g6 5. Nc3 Bg7 6. Be3 Nf6 7. Bc4 Qa5 8. O-O
O-O 9. h3 e6 10. f3 d5 11. exd5 exd5 12. Nb3 Qd8 13. Be2 Be6 14. Bc5 Re8 15. Rb1
a6 16. Kh1 Nh5 17. Bf2 Be5 18. Re1 Nf4 19. Nc5 Qg5 20. Bf1 Bc8 21. Nd3 Nxd3 22.
Qxd3 Bf5 23. Qd1 Rad8 24. a3 f6 25. Qc1 Bf4 26. Rxe8+ Rxe8 27. Qd1 Be6 28. Ne2
Bd6 29. Qc1 Qf5 30. Nd4 Nxd4 31. Bxd4 Bf4 32. Be3 Bxe3 33. Qxe3 Qxc2 34. Bd3 Qc6
35. Rc1 Qd7 36. Qf4 Qf7 37. Rc7 Re7 38. Rc1 Kg7 39. Kg1 Qe8 40. Rc7 Rxc7 41. Qxc7+
Qf7 42. Qb6 Qd7 43. Qc5 Bf7 44. g4 Qe6 45. Qf2 Qc6 46. f4 a5 47. Qd4 h6 48. h4
Qe6 49. f5 Qe1+ 50. Kg2 Qxh4 51. fxg6 Bxg6 52. Bxg6 Kxg6 53. Kf3 Qh1+ 54. Kg3
Qe4 55. Qb6 d4 56. Qxa5 Qe5+ 57. Qxe5 fxe5 58. Kf3 Kf6 59. b4 Ke6 60. a4 Kd5 61.
b5 Kc5 62. Ke4 Kb4 63. Kf5 d3 64. Kg6 d2 65. Kxh6 d1=Q 66. g5 Qd6+ 67. g6 e4 68.
Kh7 Qxg6+ 69. Kxg6 0-1